地球化時代の日本経済 : 新しい経済社会を求めて

محفوظ في:
التفاصيل البيبلوغرافية
المؤلف الرئيسي: 大西昭(おおにし あきら)
التنسيق: كتاب
اللغة:Undetermined
منشور في: 東京 日本経済新聞社 1974
الوسوم: إضافة وسم
لا توجد وسوم, كن أول من يضع وسما على هذه التسجيلة!
Thư viện lưu trữ: Trung tâm Học liệu Trường Đại học Cần Thơ
LEADER 00513nam a2200181Ia 4500
001 CTU_78293
008 210402s9999 xx 000 0 und d
082 |a 330.952 
082 |b O.58 
100 |a 大西昭(おおにし あきら) 
245 0 |a 地球化時代の日本経済 : 
245 0 |b 新しい経済社会を求めて 
245 0 |c 大西昭 
260 |a 東京 
260 |b 日本経済新聞社 
260 |c 1974 
904 |i Ngoc 
980 |a Trung tâm Học liệu Trường Đại học Cần Thơ